[Event "Brighton CGL International"]
[Site "Brighton"]
[Date "1983.12.12"]
[Round "1"]
[White "Burger, Karl"]
[Black "Hodgson, Julian M"]
[Result "0-1"]
[WhiteElo "2360"]
[BlackElo "2385"]
[PlyCount "63"]
[EventDate "1983.12.12"]
[EventType "tourn"]
[EventRounds "9"]
[EventCountry "ENG"]
[EventCategory "8"]
[SourceTitle "BritBase"]
[Source "John Saunders"]
[SourceDate "2020.09.07"]
[SourceVersion "1"]
[SourceVersionDate "2020.09.07"]
[SourceQuality "2"]

1. d4 b5 2. e4 Bb7 3. Nd2 a6 4. Ngf3 e6 5. Bd3 c5 6. c3 Nf6 7. O-O d5 8. e5
Nfd7 9. Re1 Nc6 10. dxc5 Nxc5 11. Nb3 Nxd3 12. Qxd3 d4 13. Bg5 Qd5 14. Rad1 h6
15. Bc1 O-O-O 16. cxd4 Kb8 17. a3 Be7 18. Qc3 g5 19. Re2 h5 20. Red2 b4 21. Qd3
h4 22. Nc5 Bxc5 23. dxc5 Qxc5 24. Qe3 Rxd2 25. Bxd2 Qd5 26. Qxg5 h3 27. Qg7 Rd8
28. Rc1 Nd4 29. Nxd4 Qxd4 30. Rd1 Qe4 31. f3 Qe2 32. Rf1 0-1

[Event "Brighton CGL International"]
[Site "Brighton"]
[Date "1983.12.12"]
[Round "1"]
[White "Mednis, Edmar John"]
[Black "Plaskett, H James"]
[Result "0-1"]
[WhiteElo "2455"]
[BlackElo "2425"]
[PlyCount "114"]
[EventDate "1983.12.12"]
[EventType "tourn"]
[EventRounds "9"]
[EventCountry "ENG"]
[EventCategory "8"]
[SourceTitle "BritBase"]
[Source "John Saunders"]
[SourceDate "2020.09.07"]
[SourceVersion "1"]
[SourceVersionDate "2020.09.07"]
[SourceQuality "2"]

1. e4 c5 2. Nf3 e6 3. d4 cxd4 4. Nxd4 Nc6 5. Nb5 Bc5 6. Nd6+ Ke7 7. Nxc8+ Rxc8
8. Bd3 Nf6 9. O-O Qc7 10. Nc3 h5 11. Bg5 Kf8 12. Qd2 Ne5 13. Kh1 Nfg4 14. f4
Be3 15. Qe1 Nxd3 16. cxd3 f6 17. Nd1 Bd4 18. Bh4 g5 19. Bf2 Bxf2 20. Nxf2 gxf4
21. Qd2 f3 22. g3 Qc2 23. Qf4 Qxf2 24. Qd6+ Ke8 25. Rxf2 Nxf2+ 26. Kg1 Nh3+ 27.
Kh1 Nf2+ 28. Kg1 Nh3+ 29. Kh1 h4 30. Rf1 Rh7 31. g4 Rg7 32. Qd4 Rxg4 33. Qe3
Ng5 34. e5 Rc2 35. exf6 Rgg2 36. Qf4 Rxh2+ 37. Qxh2 Rxh2+ 38. Kxh2 Kf7 39. Kg1
Kxf6 40. Kf2 Kf5 41. Ke3 h3 42. d4 Kg4 43. Rg1+ Kh4 44. Rh1 d6 45. a4 a5 46. b3
b6 47. Kf2 e5 48. d5 Kg4 49. Ke3 e4 50. Rg1+ Kf5 51. Rh1 Nh7 52. Rxh3 Nf6 53.
Rh8 Ng4+ 54. Kd2 e3+ 55. Kd3 Kf4 56. Rf8+ Kg3 57. Rg8 e2 0-1

[Event "Brighton CGL International"]
[Site "Brighton"]
[Date "1983.12.12"]
[Round "1"]
[White "Short, Nigel D"]
[Black "Murey, Jacob"]
[Result "1-0"]
[WhiteElo "2475"]
[BlackElo "2485"]
[PlyCount "93"]
[EventDate "1983.12.12"]
[EventType "tourn"]
[EventRounds "9"]
[EventCountry "ENG"]
[EventCategory "8"]
[SourceTitle "BritBase"]
[Source "John Saunders"]
[SourceDate "2020.09.07"]
[SourceVersion "1"]
[SourceVersionDate "2020.09.07"]
[SourceQuality "2"]

1. e4 c5 2. Nf3 d6 3. d4 cxd4 4. Nxd4 Nf6 5. Nc3 Nc6 6. g3 Qb6 7. Nb3 Bg4 8.
Be2 Bxe2 9. Qxe2 e6 10. Be3 Qc7 11. O-O-O a6 12. g4 g6 13. g5 Nd7 14. f4 O-O-O
15. Qf2 Bg7 16. Na4 b5 17. Nb6+ Kb7 18. e5 Bf8 19. exd6 Bxd6 20. Rxd6 Qxd6 21.
Rd1 Qxd1+ 22. Kxd1 Nxb6+ 23. Kc1 Na4 24. c3 Rd5 25. Kc2 Rc8 26. a3 a5 27. Nd2
Ne7 28. Ne4 Nf5 29. Nf6 Rd6 30. Qf3+ Ka6 31. Bf2 Nb6 32. Qh3 Nd4+ 33. Bxd4 Rxd4
34. Qxh7 Rxf4 35. Qxf7 Rh8 36. Qxe6 Rxh2+ 37. Kd3 Rf3+ 38. Kd4 Rd2+ 39. Kc5
Rf5+ 40. Kc6 Rd8 41. Ne8 Rc8+ 42. Nc7+ Rxc7+ 43. Kxc7 Rc5+ 44. Kd6 Rxg5 45. Kc6
Rd5 46. Qe7 Rd7 47. Qc5 1-0

[Event "Brighton CGL International"]
[Site "Brighton"]
[Date "1983.12.12"]
[Round "1"]
[White "Westerinen, Heikki MJ"]
[Black "Watson, William N"]
[Result "0-1"]
[WhiteElo "2385"]
[BlackElo "2395"]
[PlyCount "78"]
[EventDate "1983.12.12"]
[EventType "tourn"]
[EventRounds "9"]
[EventCountry "ENG"]
[EventCategory "8"]
[SourceTitle "BritBase"]
[Source "John Saunders"]
[SourceDate "2020.09.07"]
[SourceVersion "1"]
[SourceVersionDate "2020.09.07"]
[SourceQuality "2"]

1. e4 c5 2. f4 g6 3. d4 cxd4 4. Qxd4 Nf6 5. e5 Nc6 6. Qd3 Ng8 7. Bd2 Bg7 8. Bc3
d6 9. Nf3 Bf5 10. Qb5 Qd7 11. Nbd2 Nh6 12. O-O-O O-O 13. h3 dxe5 14. fxe5 Qc7
15. g4 a6 16. Qb3 Bd7 17. Ne4 b5 18. Nc5 Bc8 19. Bg2 b4 20. Nd4 Nxe5 21. Bxa8
bxc3 22. Qxc3 Bxg4 23. hxg4 Rxa8 24. g5 Nhg4 25. Rhe1 Rc8 26. Ne4 Nc4 27. Qg3
Qxg3 28. Nxg3 Nf2 29. c3 Nxd1 30. Rxd1 h6 31. gxh6 Bxh6+ 32. Kb1 Rd8 33. Re1 e5
34. Nc6 Re8 35. Ne4 Kg7 36. b3 Ne3 37. Nc5 Rc8 38. c4 Rxc6 39. Nd7 Re6 0-1

[Event "Brighton CGL International"]
[Site "Brighton"]
[Date "1983.12.13"]
[Round "2"]
[White "Mednis, Edmar John"]
[Black "Burger, Karl"]
[Result "1-0"]
[WhiteElo "2455"]
[BlackElo "2360"]
[PlyCount "49"]
[EventDate "1983.12.12"]
[EventType "tourn"]
[EventRounds "9"]
[EventCountry "ENG"]
[EventCategory "8"]
[SourceTitle "BritBase"]
[Source "John Saunders"]
[SourceDate "2020.09.07"]
[SourceVersion "1"]
[SourceVersionDate "2020.09.07"]
[SourceQuality "2"]

1. c4 Nf6 2. g3 e6 3. Bg2 d5 4. Nf3 Be7 5. O-O O-O 6. d4 dxc4 7. Qc2 a6 8. Qxc4
b5 9. Qc2 Bb7 10. Bg5 Be4 11. Qc1 Qc8 12. Nbd2 Bb7 13. e4 h6 14. Bxf6 Bxf6 15.
Qc2 Nc6 16. Nb3 Ra7 17. a3 Rd8 18. Rad1 a5 19. Qc3 b4 20. Qe3 Qb8 21. Rfe1 Ra8
22. Nc5 Be7 23. d5 Bxc5 24. Qxc5 Qa7 25. Qc4 1-0

[Event "Brighton CGL International"]
[Site "Brighton"]
[Date "1983.12.13"]
[Round "2"]
[White "Murey, Jacob"]
[Black "Westerinen, Heikki MJ"]
[Result "1/2-1/2"]
[WhiteElo "2485"]
[BlackElo "2385"]
[PlyCount "116"]
[EventDate "1983.12.12"]
[EventType "tourn"]
[EventRounds "9"]
[EventCountry "ENG"]
[EventCategory "8"]
[SourceTitle "BritBase"]
[Source "John Saunders"]
[SourceDate "2020.09.07"]
[SourceVersion "1"]
[SourceVersionDate "2020.09.07"]
[SourceQuality "2"]

1. e4 d5 2. exd5 Qxd5 3. Nc3 Qa5 4. Nf3 Nf6 5. h3 Bf5 6. b4 Qb6 7. a3 e6 8. Bc4
Be7 9. O-O O-O 10. d3 c6 11. Qe2 Nbd7 12. Nh4 Bg6 13. Nxg6 hxg6 14. Bd2 Bd6 15.
Ne4 Nxe4 16. dxe4 Be5 17. Rad1 Rfd8 18. Be3 Qc7 19. f4 Bf6 20. Bb3 a5 21. Qg4
Bb2 22. f5 Nf6 23. Rxd8+ Rxd8 24. Qf3 gxf5 25. exf5 exf5 26. Qxf5 axb4 27. axb4
Qe5 28. Qxe5 Bxe5 29. g4 Bd4 30. Bxd4 Rxd4 31. b5 Nd5 32. Ra1 Nf4 33. Kh2 Rd2+
34. Kg3 g5 35. Ra7 Ne2+ 36. Kf3 Nd4+ 37. Ke4 Nxb3 38. cxb3 cxb5 39. Rxb7 Rh2
40. Rxb5 f6 41. Kf5 Kg7 42. Rb7+ Kh6 43. Rf7 Rf2+ 44. Ke4 Rf4+ 45. Kd5 Kg6 46.
Rc7 Rf3 47. b4 Rxh3 48. b5 Rg3 49. b6 Rxg4 50. Rc5 Rb4 51. Kc6 g4 52. b7 Rxb7
53. Kxb7 f5 54. Kc6 Kg5 55. Kd5 g3 56. Ke5 g2 57. Rc8 Kg4 58. Rg8+ Kf3 1/2-1/2

[Event "Brighton CGL International"]
[Site "Brighton"]
[Date "1983.12.14"]
[Round "3"]
[White "Burger, Karl"]
[Black "Plaskett, H James"]
[Result "0-1"]
[WhiteElo "2360"]
[BlackElo "2425"]
[PlyCount "60"]
[EventDate "1983.12.12"]
[EventType "tourn"]
[EventRounds "9"]
[EventCountry "ENG"]
[EventCategory "8"]
[SourceTitle "BritBase"]
[Source "John Saunders"]
[SourceDate "2020.09.07"]
[SourceVersion "1"]
[SourceVersionDate "2020.09.07"]
[SourceQuality "2"]

1. Nf3 Nf6 2. c4 e6 3. g3 a6 4. Bg2 b5 5. b3 Bb7 6. Bb2 Be7 7. O-O O-O 8. Qc2
c5 9. Ng5 Bxg2 10. Bxf6 g6 11. Nxe6 Bxf6 12. Nxd8 Bxa1 13. Nc3 Bh3 14. Qe4 Rxd8
15. Qxa8 Nc6 16. Qxa6 b4 17. Rd1 bxc3 18. dxc3 Re8 19. e3 Bxc3 20. Qb6 Ra8 21.
a4 Rb8 22. Qxc5 Rxb3 23. Qd5 Rb2 24. Qd3 Ne5 25. Qe4 Bg4 26. Rb1 Bf3 27. Rxb2
Bxe4 28. Rb8+ Kg7 29. f4 Nxc4 30. Rc8 Bc6 0-1

[Event "Brighton CGL International"]
[Site "Brighton"]
[Date "1983.12.14"]
[Round "3"]
[White "Westerinen, Heikki MJ"]
[Black "Hodgson, Julian M"]
[Result "1-0"]
[WhiteElo "2385"]
[BlackElo "2385"]
[PlyCount "105"]
[EventDate "1983.12.12"]
[EventType "tourn"]
[EventRounds "9"]
[EventCountry "ENG"]
[EventCategory "8"]
[SourceTitle "BritBase"]
[Source "John Saunders"]
[SourceDate "2020.09.07"]
[SourceVersion "1"]
[SourceVersionDate "2020.09.07"]
[SourceQuality "2"]

1. e4 c6 2. d4 d5 3. Nd2 dxe4 4. Nxe4 Nf6 5. Nxf6+ gxf6 6. c3 Bf5 7. Nf3 h5 8.
Nh4 Be4 9. Qe2 Qd5 10. f3 Bh7 11. g3 e6 12. Bg2 f5 13. f4 Qd6 14. Qxh5 Nd7 15.
Qe2 Bg6 16. Nxg6 fxg6 17. b3 Kf7 18. Bb2 Bg7 19. O-O-O a5 20. a3 b5 21. Qf3 Qd5
22. Qxd5 exd5 23. c4 bxc4 24. bxc4 Nf6 25. Rd2 Rab8 26. Rc2 Rb7 27. cxd5 cxd5
28. Bc3 Ne4 29. Bxa5 Bxd4 30. Bb4 Ra8 31. Kd1 Kg7 32. Re1 Re8 33. Ree2 Bf6 34.
Rc6 d4 35. Rec2 d3 36. Rc7+ Rxc7 37. Rxc7+ Kh6 38. Bf3 Rd8 39. Rf7 Bg7 40. Bxe4
fxe4 41. Re7 Rc8 42. Rxe4 Rc2 43. h4 Bc3 44. Bxc3 Rxc3 45. a4 Rc2 46. Rd4 Ra2
47. Rxd3 Rxa4 48. Ke2 Ra5 49. Kf3 Rb5 50. Kg4 Rb1 51. Re3 Rg1 52. Re5 Rh1 53.
Re6 1-0

[Event "Brighton CGL International"]
[Site "Brighton"]
[Date "1983.12.15"]
[Round "4"]
[White "Burger, Karl"]
[Black "Short, Nigel D"]
[Result "0-1"]
[WhiteElo "2360"]
[BlackElo "2475"]
[PlyCount "72"]
[EventDate "1983.12.12"]
[EventType "tourn"]
[EventRounds "9"]
[EventCountry "ENG"]
[EventCategory "8"]
[SourceTitle "BritBase"]
[Source "John Saunders"]
[SourceDate "2020.09.07"]
[SourceVersion "1"]
[SourceVersionDate "2020.09.07"]
[SourceQuality "2"]

1. c4 c5 2. Nf3 Nf6 3. Nc3 b6 4. g3 Bb7 5. Bg2 g6 6. O-O Bg7 7. d4 cxd4 8. Qxd4
Nc6 9. Qd3 Rc8 10. e4 Ng4 11. b3 b5 12. Rb1 bxc4 13. bxc4 Ba8 14. Nd5 O-O 15.
Ba3 Re8 16. c5 Rb8 17. h3 Nge5 18. Nxe5 Bxe5 19. f4 Rxb1 20. Rxb1 Bg7 21. Kh2
Qc8 22. Qb5 Qd8 23. Qa4 e6 24. Ne3 e5 25. f5 Nd4 26. fxg6 hxg6 27. Qxa7 Bc6 28.
Nc4 f5 29. Bc1 Rf8 30. Nd6 f4 31. gxf4 exf4 32. Bxf4 Ne2 33. Be3 Qh4 34. Qa6
Qg3+ 35. Kh1 Qxe3 36. Qc4+ Kh7 0-1

[Event "Brighton CGL International"]
[Site "Brighton"]
[Date "1983.12.15"]
[Round "4"]
[White "Mednis, Edmar John"]
[Black "Westerinen, Heikki MJ"]
[Result "1/2-1/2"]
[WhiteElo "2455"]
[BlackElo "2385"]
[PlyCount "54"]
[EventDate "1983.12.12"]
[EventType "tourn"]
[EventRounds "9"]
[EventCountry "ENG"]
[EventCategory "8"]
[SourceTitle "BritBase"]
[Source "John Saunders"]
[SourceDate "2020.09.07"]
[SourceVersion "1"]
[SourceVersionDate "2020.09.07"]
[SourceQuality "2"]

1. e4 d5 2. exd5 Qxd5 3. Nc3 Qa5 4. d4 Nf6 5. Nf3 c6 6. Bc4 Bf5 7. Bd2 Qc7 8.
Qe2 e6 9. O-O-O Nbd7 10. Nh4 Bg6 11. h3 O-O-O 12. Bb3 Kb8 13. Kb1 Bd6 14. Qf3
a6 15. Nxg6 hxg6 16. Ne2 c5 17. c3 c4 18. Bc2 Nb6 19. Ng3 Nbd5 20. Ne4 Ka7 21.
h4 Be7 22. g3 Qb6 23. Ka1 Rd7 24. Ng5 Bd6 25. Ne4 Be7 26. Ng5 Bd6 27. Ne4 Be7
1/2-1/2

[Event "Brighton CGL International"]
[Site "Brighton"]
[Date "1983.12.15"]
[Round "4"]
[White "Plaskett, H James"]
[Black "Watson, William N"]
[Result "0-1"]
[WhiteElo "2425"]
[BlackElo "2395"]
[PlyCount "56"]
[EventDate "1983.12.12"]
[EventType "tourn"]
[EventRounds "9"]
[EventCountry "ENG"]
[EventCategory "8"]
[SourceTitle "BritBase"]
[Source "John Saunders"]
[SourceDate "2020.09.07"]
[SourceVersion "1"]
[SourceVersionDate "2020.09.07"]
[SourceQuality "2"]

1. e4 c5 2. Nf3 d6 3. d4 cxd4 4. Nxd4 Nf6 5. Nc3 g6 6. Be3 Bg7 7. f3 O-O 8. Qd2
Nc6 9. g4 Be6 10. O-O-O Nxd4 11. Bxd4 Qa5 12. a3 Rfc8 13. h4 Rab8 14. h5 b5 15.
h6 b4 16. hxg7 bxa3 17. Qh6 axb2+ 18. Kd2 Bxg4 19. Bxf6 Bh5 20. Bd4 e5 21. Rxh5
gxh5 22. Qg5 Qb4 23. Bd3 Qxd4 24. Nd5 Qf2+ 25. Be2 Rxc2+ 26. Kxc2 Qxe2+ 27. Kc3
Qxf3+ 28. Kc4 Qb3# 0-1

[Event "Brighton CGL International"]
[Site "Brighton"]
[Date "1983.12.16"]
[Round "5"]
[White "Watson, William N"]
[Black "Murey, Jacob"]
[Result "0-1"]
[WhiteElo "2395"]
[BlackElo "2485"]
[PlyCount "82"]
[EventDate "1983.12.12"]
[EventType "tourn"]
[EventRounds "9"]
[EventCountry "ENG"]
[EventCategory "8"]
[SourceTitle "BritBase"]
[Source "John Saunders"]
[SourceDate "2020.09.07"]
[SourceVersion "1"]
[SourceVersionDate "2020.09.07"]
[SourceQuality "2"]

1. e4 c5 2. Nc3 Nc6 3. f4 e6 4. Nf3 d5 5. Bb5 Nge7 6. exd5 Nxd5 7. Ne5 Nxc3 8.
dxc3 Qxd1+ 9. Kxd1 Bd7 10. Bxc6 Bxc6 11. Nxc6 bxc6 12. Be3 Be7 13. Ke2 h6 14.
Rad1 g5 15. g4 Rb8 16. b3 Rb7 17. f5 exf5 18. gxf5 h5 19. Rhf1 f6 20. Kd3 Bd6
21. Rd2 Re7 22. Bg1 Kd7 23. b4 cxb4 24. cxb4 Bxb4 25. c3 Bd6 26. Bxa7 Bf4 27.
Rb2 Rd8 28. Kc4 Ke8 29. Bd4 Kf7 30. h4 c5 31. Bxc5 Rc7 32. hxg5 Bd6 33. Rb5
Rdc8 34. gxf6 Bxc5 35. Kb3 Be3 36. Rh1 Rxc3+ 37. Kb2 Bc1+ 38. Kb1 Ba3 39. Ka1
Rc1+ 40. Rb1 h4 41. Rxh4 Rxb1+ 0-1

[Event "Brighton CGL International"]
[Site "Brighton"]
[Date "1983.12.16"]
[Round "5"]
[White "Westerinen, Heikki MJ"]
[Black "Burger, Karl"]
[Result "1-0"]
[WhiteElo "2385"]
[BlackElo "2360"]
[PlyCount "121"]
[EventDate "1983.12.12"]
[EventType "tourn"]
[EventRounds "9"]
[EventCountry "ENG"]
[EventCategory "8"]
[SourceTitle "BritBase"]
[Source "John Saunders"]
[SourceDate "2020.09.07"]
[SourceVersion "1"]
[SourceVersionDate "2020.09.07"]
[SourceQuality "2"]

1. e4 c6 2. d4 d5 3. Nd2 dxe4 4. Nxe4 Bf5 5. Ng3 Bg6 6. h4 h6 7. Nf3 Nd7 8. h5
Bh7 9. Bd3 Bxd3 10. Qxd3 Ngf6 11. Bf4 Qa5+ 12. c3 e6 13. Ne5 Be7 14. Nc4 Qd5
15. Qe2 Nb6 16. Ne3 Qd8 17. Be5 Nbd7 18. O-O-O O-O 19. Kb1 a5 20. f4 a4 21. f5
a3 22. b3 Qa5 23. Bxf6 Nxf6 24. Rd3 Qc7 25. fxe6 fxe6 26. Nc4 e5 27. Qxe5 Qxe5
28. Nxe5 Nd5 29. Ne4 Nf6 30. Nxf6+ Rxf6 31. Rf3 Re6 32. Re1 Re8 33. Kc2 Bf6 34.
Rfe3 c5 35. Kd3 cxd4 36. cxd4 Rd6 37. Nf3 Red8 38. Re8+ Kf7 39. Rxd8 Rxd8 40.
Ne5+ Kg8 41. Re2 b5 42. g4 Kf8 43. Ke4 Bxe5 44. dxe5 Rd1 45. Rc2 Kf7 46. Rc7+
Kf8 47. Rb7 Rd2 48. Rxb5 Rxa2 49. Ra5 Ra1 50. Kf5 a2 51. Ra8+ Ke7 52. Ra7+ Kf8
53. Ke6 Kg8 54. b4 g5 55. b5 Rb1 56. Rxa2 Rxb5 57. Ra8+ Kg7 58. Ra7+ Kg8 59.
Kf6 Rb4 60. e6 Rxg4 61. Kg6 1-0

[Event "Brighton CGL International"]
[Site "Brighton"]
[Date "1983.12.17"]
[Round "6"]
[White "Hodgson, Julian M"]
[Black "Watson, William N"]
[Result "1-0"]
[WhiteElo "2385"]
[BlackElo "2395"]
[PlyCount "51"]
[EventDate "1983.12.12"]
[EventType "tourn"]
[EventRounds "9"]
[EventCountry "ENG"]
[EventCategory "8"]
[SourceTitle "BritBase"]
[Source "John Saunders"]
[SourceDate "2020.09.07"]
[SourceVersion "1"]
[SourceVersionDate "2020.09.07"]
[SourceQuality "2"]

1. e4 c5 2. f4 g6 3. d4 Bg7 4. d5 d6 5. Nc3 Nf6 6. Bb5+ Nfd7 7. a4 O-O 8. Nf3
Nf6 9. O-O e6 10. dxe6 Bxe6 11. f5 gxf5 12. exf5 Bxf5 13. Nh4 Bg4 14. Be2 Bxe2
15. Nxe2 Nc6 16. Nf5 Qd7 17. Neg3 Rae8 18. Nxg7 Kxg7 19. Qf3 Re6 20. Bh6+ Kg8
21. Qf4 Kh8 22. Bxf8 Qd8 23. Qg5 Qxf8 24. Rxf6 Ne5 25. Rxe6 fxe6 26. Nh5 1-0

[Event "Brighton CGL International"]
[Site "Brighton"]
[Date "1983.12.17"]
[Round "6"]
[White "Plaskett, H James"]
[Black "Murey, Jacob"]
[Result "0-1"]
[WhiteElo "2425"]
[BlackElo "2485"]
[PlyCount "72"]
[EventDate "1983.12.12"]
[EventType "tourn"]
[EventRounds "9"]
[EventCountry "ENG"]
[EventCategory "8"]
[SourceTitle "BritBase"]
[Source "John Saunders"]
[SourceDate "2020.09.07"]
[SourceVersion "1"]
[SourceVersionDate "2020.09.07"]
[SourceQuality "2"]

1. d4 Nf6 2. c4 e6 3. Nf3 c5 4. d5 exd5 5. cxd5 Bd6 6. Nc3 O-O 7. Bg5 Re8 8. e3
h6 9. Bh4 a6 10. Bd3 g5 11. Bg3 Bxg3 12. hxg3 Kg7 13. d6 Nc6 14. Kf1 b5 15. Bf5
Bb7 16. Nd5 Ne5 17. Nc7 Nxf3 18. Nxe8+ Qxe8 19. gxf3 Qe5 20. e4 Qxb2 21. Qc1
Qd4 22. Kg2 Qxd6 23. Qe3 Qe5 24. Rac1 d6 25. Rhd1 b4 26. Kg1 Nd5 27. Qb3 Nc3
28. Rxc3 Qxc3 29. Rxd6 Qxb3 30. axb3 a5 31. Rd7 Bc8 32. Rc7 Bxf5 33. exf5 a4
34. bxa4 Ra5 35. Rc6 b3 36. Kg2 h5 0-1

[Event "Brighton CGL International"]
[Site "Brighton"]
[Date "1983.12.17"]
[Round "6"]
[White "Short, Nigel D"]
[Black "Westerinen, Heikki MJ"]
[Result "1-0"]
[WhiteElo "2475"]
[BlackElo "2385"]
[PlyCount "81"]
[EventDate "1983.12.12"]
[EventType "tourn"]
[EventRounds "9"]
[EventCountry "ENG"]
[EventCategory "8"]
[SourceTitle "BritBase"]
[Source "John Saunders"]
[SourceDate "2020.09.07"]
[SourceVersion "1"]
[SourceVersionDate "2020.09.07"]
[SourceQuality "2"]

1. e4 e5 2. Nf3 Nc6 3. Bb5 a6 4. Ba4 Nf6 5. O-O Be7 6. Re1 b5 7. Bb3 O-O 8. a4
Bb7 9. d3 d6 10. Nc3 b4 11. Nd5 Na5 12. Nxe7+ Qxe7 13. Ba2 c5 14. Bg5 h6 15.
Bh4 Bc8 16. Nd2 g5 17. Bg3 Bg4 18. f3 Be6 19. c3 Rab8 20. Bxe6 fxe6 21. Bf2 Nh5
22. g3 Qf6 23. Rf1 Qg6 24. Rc1 Nf6 25. d4 bxc3 26. bxc3 cxd4 27. cxd4 exd4 28.
Bxd4 e5 29. Bc3 Nb7 30. Nc4 Rbd8 31. Rb1 Rf7 32. Rb6 g4 33. Qb1 Rdd7 34. Bxe5
gxf3 35. Rxf3 Qxe4 36. Rxf6 Qxc4 37. Rb4 Qc5+ 38. Bd4 Qh5 39. Rg6+ Kf8 40. Be3
Ke8 41. Rg8+ 1-0

[Event "Brighton CGL International"]
[Site "Brighton"]
[Date "1983.12.18"]
[Round "7"]
[White "Murey, Jacob"]
[Black "Hodgson, Julian M"]
[Result "1/2-1/2"]
[WhiteElo "2485"]
[BlackElo "2385"]
[PlyCount "81"]
[EventDate "1983.12.12"]
[EventType "tourn"]
[EventRounds "9"]
[EventCountry "ENG"]
[EventCategory "8"]
[SourceTitle "BritBase"]
[Source "John Saunders"]
[SourceDate "2020.09.07"]
[SourceVersion "1"]
[SourceVersionDate "2020.09.07"]
[SourceQuality "2"]

1. c4 e5 2. Nf3 e4 3. Nd4 Nc6 4. Nxc6 dxc6 5. Nc3 Nf6 6. Qc2 Bf5 7. h3 Bd6 8.
e3 Bg6 9. d4 exd3 10. Bxd3 Qe7 11. Bd2 O-O-O 12. O-O-O Be5 13. Bf5+ Kb8 14.
Rhe1 Rhe8 15. Bxg6 hxg6 16. Kb1 a6 17. Na4 b6 18. e4 Bd4 19. e5 Nd7 20. f4 g5
21. Re4 c5 22. fxg5 Nxe5 23. Rde1 f6 24. Nc3 Qf7 25. b3 Rd6 26. Bf4 Red8 27.
Nd5 b5 28. gxf6 gxf6 29. Ne3 Qd7 30. Ng4 bxc4 31. Bxe5 fxe5 32. Qxc4 Qh7 33.
Qc2 c4 34. Qxc4 Kb7 35. Qc2 Rc6 36. Qd3 Rc3 37. Qd2 Rd6 38. R1e2 Rdc6 39. Qg5
Rc2 40. Rxc2 Qxe4 41. Qd2 1/2-1/2

[Event "Brighton CGL International"]
[Site "Brighton"]
[Date "1983.12.18"]
[Round "7"]
[White "Watson, William N"]
[Black "Mednis, Edmar John"]
[Result "1-0"]
[WhiteElo "2395"]
[BlackElo "2455"]
[PlyCount "69"]
[EventDate "1983.12.12"]
[EventType "tourn"]
[EventRounds "9"]
[EventCountry "ENG"]
[EventCategory "8"]
[SourceTitle "BritBase"]
[Source "John Saunders"]
[SourceDate "2020.09.07"]
[SourceVersion "1"]
[SourceVersionDate "2020.09.07"]
[SourceQuality "2"]

1. e4 d6 2. d4 Nf6 3. Nc3 g6 4. Nf3 Bg7 5. Bg5 h6 6. Be3 Ng4 7. Bc1 e5 8. dxe5
Nxe5 9. Nxe5 Bxe5 10. Be3 Nc6 11. Qd2 Bg7 12. Be2 Be6 13. Nd5 Qd7 14. O-O f5
15. exf5 Bxf5 16. Rfe1 O-O-O 17. Bb5 Qf7 18. Bxa7 Rde8 19. Be3 Bxb2 20. Rab1
Bg7 21. a4 Re5 22. Red1 Be6 23. c4 g5 24. a5 Nb8 25. Ba7 Nc6 26. Bxc6 bxc6 27.
Rb8+ Kd7 28. Nxc7 Qe7 29. Ne8 Bxc4 30. Rb7+ Kxe8 31. Rxe7+ Rxe7 32. Qxd6 Kf7
33. Qxc6 Be2 34. Rd7 Rhe8 35. Bc5 1-0

[Event "Brighton CGL International"]
[Site "Brighton"]
[Date "1983.12.18"]
[Round "7"]
[White "Westerinen, Heikki MJ"]
[Black "Plaskett, H James"]
[Result "1/2-1/2"]
[WhiteElo "2385"]
[BlackElo "2425"]
[PlyCount "88"]
[EventDate "1983.12.12"]
[EventType "tourn"]
[EventRounds "9"]
[EventCountry "ENG"]
[EventCategory "8"]
[SourceTitle "BritBase"]
[Source "John Saunders"]
[SourceDate "2020.09.07"]
[SourceVersion "1"]
[SourceVersionDate "2020.09.07"]
[SourceQuality "2"]

1. e4 c5 2. f4 d5 3. exd5 Qxd5 4. Nc3 Qd8 5. Nf3 g6 6. d4 Bg7 7. Be3 cxd4 8.
Bxd4 Nf6 9. Bxf6 Bxf6 10. Qxd8+ Kxd8 11. O-O-O+ Bd7 12. Ne4 Kc7 13. Nxf6 exf6
14. Bc4 Rf8 15. Nd4 a6 16. Rhe1 Nc6 17. Nxc6 Bxc6 18. Re7+ Kb6 19. g3 Rae8 20.
Rde1 Kc5 21. Bb3 a5 22. Rxe8 Bxe8 23. a3 Kd6 24. Kd2 Bb5 25. Re3 g5 26. c4 Bc6
27. Kc3 gxf4 28. gxf4 Rg8 29. Rg3 Re8 30. Bc2 Re7 31. Rd3+ Kc7 32. Rh3 Be4 33.
Bxe4 Rxe4 34. Rxh7 Rxf4 35. Rxf7+ Kc6 36. b4 axb4+ 37. axb4 b5 38. cxb5+ Kxb5
39. Rb7+ Kc6 40. Rh7 Rf3+ 41. Kc4 Rf4+ 42. Kc3 Rf3+ 43. Kb2 f5 44. Kc2 Kb5
1/2-1/2

[Event "Brighton CGL International"]
[Site "Brighton"]
[Date "1983.12.19"]
[Round "8"]
[White "Mednis, Edmar John"]
[Black "Murey, Jacob"]
[Result "1-0"]
[WhiteElo "2455"]
[BlackElo "2485"]
[PlyCount "63"]
[EventDate "1983.12.12"]
[EventType "tourn"]
[EventRounds "9"]
[EventCountry "ENG"]
[EventCategory "8"]
[SourceTitle "BritBase"]
[Source "John Saunders"]
[SourceDate "2020.09.07"]
[SourceVersion "1"]
[SourceVersionDate "2020.09.07"]
[SourceQuality "2"]

1. e4 c5 2. Nf3 d6 3. d4 cxd4 4. Nxd4 Nf6 5. Nc3 g6 6. Be3 Bg7 7. f3 Nc6 8. Qd2
O-O 9. g4 Nd7 10. O-O-O Nde5 11. Be2 Bd7 12. h4 Nxd4 13. Bxd4 Qa5 14. h5 Rfc8
15. hxg6 hxg6 16. f4 Rxc3 17. Bxc3 Qxa2 18. Qd4 Bf6 19. Qe3 Nxg4 20. Qh3 Ne5
21. Qh7+ Kf8 22. Rdg1 Rc8 23. fxe5 dxe5 24. Qh6+ Bg7 25. Qe3 b5 26. Bd3 Qa4 27.
b3 Qa3+ 28. Kd2 b4 29. Ba1 Qa2 30. Rh7 Bb5 31. Qh3 e6 32. Rh8+ 1-0

[Event "Brighton CGL International"]
[Site "Brighton"]
[Date "1983.12.19"]
[Round "8"]
[White "Plaskett, H James"]
[Black "Hodgson, Julian M"]
[Result "1/2-1/2"]
[WhiteElo "2425"]
[BlackElo "2385"]
[PlyCount "66"]
[EventDate "1983.12.12"]
[EventType "tourn"]
[EventRounds "9"]
[EventCountry "ENG"]
[EventCategory "8"]
[SourceTitle "BritBase"]
[Source "John Saunders"]
[SourceDate "2020.09.07"]
[SourceVersion "1"]
[SourceVersionDate "2020.09.07"]
[SourceQuality "2"]

1. e4 c6 2. d4 d5 3. e5 Bf5 4. c4 dxc4 5. Bxc4 e6 6. Nc3 Nd7 7. Nge2 Nb6 8. Bb3
Ne7 9. O-O Qd7 10. Be3 Ned5 11. Ng3 Bg6 12. Qe2 a5 13. Nce4 a4 14. Bc2 a3 15.
b3 Be7 16. Nc5 Qc7 17. Rac1 Nxe3 18. fxe3 Nd7 19. Bxg6 hxg6 20. Rxf7 Bxc5 21.
Rxd7 Qxd7 22. Rxc5 O-O 23. Ne4 b6 24. Rc1 c5 25. dxc5 Qd5 26. Qc4 bxc5 27. Qxd5
exd5 28. Nd6 c4 29. bxc4 dxc4 30. Rxc4 Ra5 31. Re4 Rd5 32. h4 Rd2 33. Ra4 Rd5
1/2-1/2